| Tag |
First Indicator |
Second Indicator |
Subfields |
| LEADER |
00000cam a22000008a 4500 |
| 001 |
in00001262721 |
| 005 |
20151004052057.0 |
| 008 |
950330s1995 enk b 001 0 eng |
| 010 |
|
|
|a 95008787
|
| 020 |
|
|
|a 0471944203
|
| 035 |
|
|
|a (OCoLC)32347985
|
| 035 |
|
|
|9 AGW9122AM
|
| 040 |
|
|
|a DLC
|c DLC
|d YRM
|d TXA
|d UtOrBLW
|
| 049 |
|
|
|a TXAM
|
| 050 |
0 |
0 |
|a TA169.5
|b .F67 1995
|
| 082 |
0 |
0 |
|a 658.4/032
|2 20
|
| 100 |
1 |
|
|a Fortune, Joyce.
|
| 245 |
1 |
0 |
|a Learning from failure :
|b the systems approach /
|c Joyce Fortune, Geoff Peters.
|
| 263 |
|
|
|a 9508
|
| 264 |
|
1 |
|a Chichester ;
|a New York :
|b Wiley,
|c [1995]
|
| 264 |
|
4 |
|c ©1995
|
| 300 |
|
|
|a xi, 262 pages :
|b illustrations ;
|c 23 cm.
|
| 336 |
|
|
|a text
|b txt
|2 rdacontent
|
| 337 |
|
|
|a unmediated
|b n
|2 rdamedia
|
| 338 |
|
|
|a volume
|b nc
|2 rdacarrier
|
| 504 |
|
|
|a Includes bibliographical references and index.
|
| 650 |
|
0 |
|a System failures (Engineering)
|
| 650 |
|
0 |
|a System safety.
|
| 650 |
|
0 |
|a Accidents
|x Prevention.
|
| 700 |
1 |
|
|a Peters, Geoff.
|
| 999 |
|
|
|a MARS
|
| 999 |
f |
f |
|s 214e798d-96dc-3ac9-874a-b823874f3a2f
|i 5858c731-c7f3-3372-8c69-4f0be61027d9
|t 0
|
| 952 |
f |
f |
|p normal
|a Texas A&M University
|b College Station
|c Sterling C. Evans Library
|d Evans: Library Stacks
|t 0
|e TA169.5 .F67 1995
|h Library of Congress classification
|i unmediated -- volume
|m A14819798390
|
| 998 |
f |
f |
|a TA169.5 .F67 1995
|t 0
|l Evans: Library Stacks
|